Questions aléatoires de géographie - 3 - Statistiques

Statistiques générales
  • Ce quiz a été pris 99 fois
  • Le résultat moyen est 8 sur 15
Statistiques - réponses
Indices Réponses % Correct
Quelle montagne américaine représente 4 figures importantes de l'histoire des Etats-Unis ? le mont Rushmore
91%
Quel canal relie l'océan Atlantique et l'océan Pacifique ? le canal de Panama
85%
Quelle est la capitale de la Mongolie ? Oulan-Bator
82%
Par quelle lettre commence la plupart des grands fleuves qui finissent leur course en Ukraine ? la lettre D
71%
Quelle est la deuxième plus haute montagne du monde ? le K2
70%
Quel territoire abrite des manchots empereurs, des phoques léopards, des orques ou des albatros ? l Antarctique
65%
Quel pays est célèbre pour son carrelage décoratif appelé azulejos? le Portugal
65%
Quel massif d'Afrique porte le nom d'un titan de la mythologie grecque ? l Atlas
59%
Quel est le gentilé de Périgueux ? périgourdin | pétrocorien
57%
Dans quel pays se trouve la montagne de la question précédente ? le Pakistan
47%
Quelle ville possède la plus ancienne université d'Europe ? Bologne
43%
Quel désert africain touche la Namibie, l'Afrique du sud et le Botswana ? le désert de Kalahari
38%
Quelle région géorgienne bordant la mer noire essaie d'obtenir son indépendance ? l Abkhazie
20%
Quel est le plus grand fleuve australien ? le Murray
14%
Dans quel grand fleuve se jette le Rio Uruguay et le Rio Paraguay ? le Rio Parana
11%
Aucun quiz correspondant
Distribution des résultats
% des personnes avec chaque résultat
Percentile par nombre de réponses
Votre historique - résultats
Vous n’avez pas pris ce quiz